[Event "Grand Chess Tour 2016"]
[Site "Parigi"]
[Date "11.06.2016"]
[Round "1B"]
[White "Aronian,L"]
[Black "Topalov,V"]
[Result "1-0"]
[WhiteElo "2792"]
[BlackElo "2761"]
[EventDate "2016.06.08"]

1. Nf3 d5 2. d4 Nf6 3. c4 c6 4. e3 Bf5 5. Nc3 e6 6. Nh4 Bg6 7. Nxg6 hxg6 8.
h3 Nbd7 9. Bd3 a6 10. Bd2 dxc4 11. Bxc4 c5 12. dxc5 Bxc5 13. O-O O-O 14.
Be2 Ne5 15. Rc1 Rc8 16. Na4 Be7 17. Rxc8 Qxc8 18. Bc3 Ned7 19. Ba5 Qc6 20.
Bf3 Qb5 21. Bc3 Rd8 22. Qc2 Nd5 23. Rd1 N7f6 24. Bd4 Nb4 25. Qb3 Nc6 26.
Qxb5 axb5 27. Nc3 Nxd4 28. Rxd4 Rxd4 29. exd4 b4 30. Nb5 b6 31. Kf1 Kf8 32.
Bc6 Ne8 33. d5 exd5 34. Bxd5 Nd6 35. Na7 Bf6 36. b3 Bd4 37. Ke2 Bc5 38. g4
Nb5 39. Nxb5 1-0

[Event "Grand Chess Tour 2016"]
[Site "Parigi"]
[Date "11.06.2016"]
[Round "1B"]
[White "Kramnik,V"]
[Black "Giri,A"]
[Result "0-1"]
[WhiteElo "2812"]
[BlackElo "2782"]
[EventDate "2016.06.08"]

1. Nf3 Nf6 2. g3 c5 3. Bg2 Nc6 4. O-O e5 5. e4 d6 6. d3 g6 7. a3 Bg7 8. Nc3
O-O 9. Rb1 a6 10. b4 b5 11. Be3 cxb4 12. axb4 h6 13. h3 Be6 14. d4 Bc4 15.
Re1 Rc8 16. Qd2 Kh7 17. g4 d5 18. Nxe5 Nxe5 19. dxe5 Nxe4 20. Nxe4 dxe4 21.
Bxe4 Qxd2 22. Bxd2 Bxe5 23. Bxg6+ fxg6 24. Rxe5 Rf7 25. Be3 Rd8 26. Ra1 Rd6
27. c3 g5 28. Bd4 Kg6 29. Re8 Rf3 30. Kh2 h5 31. Ra8 hxg4 32. hxg4 Rf4 33.
Rg8+ Bxg8 34. Be5 Rxf2+ 35. Kg3 Rdd2 0-1

[Event "Grand Chess Tour 2016"]
[Site "Parigi"]
[Date "11.06.2016"]
[Round "2B"]
[White "So,W"]
[Black "Giri,A"]
[Result "1/2-1/2"]
[WhiteElo "2770"]
[BlackElo "2782"]
[EventDate "2016.06.08"]

1. d4 Nf6 2. Bg5 d5 3. Nd2 c5 4. e3 Nc6 5. c3 e6 6. Ngf3 h6 7. Bh4 g5 8.
Bg3 Nh5 9. Be5 Nxe5 10. Nxe5 Nf6 11. Bb5+ Nd7 12. Qf3 Qe7 13. h4 Bg7 14.
hxg5 hxg5 15. Rxh8+ Bxh8 16. Qh5 Bf6 17. Ndf3 a6 18. Bxd7+ Bxd7 19. Nxg5
O-O-O 20. f4 Rh8 21. Nh7 Bxe5 22. dxe5 f5 23. exf6 Qxh7 24. Qxh7 Rxh7 25.
g4 Rh8 26. Kf2 Kd8 27. g5 Be8 28. e4 dxe4 29. b4 cxb4 30. cxb4 Bg6 31. Rd1+
Kc7 32. Rc1+ Kd7 33. Rd1+ Kc7 34. Rc1+ Kd7 35. Rd1+ Kc7 1/2-1/2

[Event "Grand Chess Tour 2016"]
[Site "Parigi"]
[Date "11.06.2016"]
[Round "2B"]
[White "Topalov,V"]
[Black "Kramnik,V"]
[Result "1/2-1/2"]
[WhiteElo "2761"]
[BlackElo "2812"]
[EventDate "2016.06.08"]

1. e4 e5 2. Bc4 Nf6 3. d3 Bc5 4. Nf3 d6 5. c3 Nc6 6. O-O a6 7. a4 h6 8. Re1
O-O 9. Nbd2 Be6 10. b4 Ba7 11. h3 Bxc4 12. Nxc4 Re8 13. Be3 d5 14. exd5
Qxd5 15. Bxa7 Rxa7 16. Ne3 Qd7 17. Qc2 Raa8 18. Nc4 Qd5 19. Ne3 Qd7 20. Nc4
Qf5 21. b5 axb5 22. axb5 Rxa1 23. Rxa1 e4 24. bxc6 exf3 25. Ne3 Qc8 26.
cxb7 Qxb7 27. g3 Qc6 28. Kh2 Nd5 29. Nxd5 Qxd5 30. Qa4 c6 31. Qd4 Qf5 32.
g4 Qe6 33. Kg3 Qe2 34. Qd7 Qe5+ 35. Kxf3 Re6 36. Qd4 Rf6+ 37. Kg2 Qxd4 38.
cxd4 Rf4 39. Ra4 g5 40. Rc4 Rf6 41. f3 Kf8 42. Rc5 Rd6 43. Rc4 Ke7 44. Kg3
Ke6 45. h4 Kd5 46. Ra4 Rf6 47. hxg5 hxg5 48. Kf2 Re6 49. Rc4 f6 50. Ra4 Re7
51. Rc4 Re6 52. Ra4 Re7 53. Rc4 Re6 54. Ra4 1/2-1/2

[Event "Grand Chess Tour 2016"]
[Site "Parigi"]
[Date "11.06.2016"]
[Round "2B"]
[White "Fressinet,L"]
[Black "Aronian,L"]
[Result "1/2-1/2"]
[WhiteElo "2687"]
[BlackElo "2792"]
[EventDate "2016.06.08"]

1. e4 e5 2. Nf3 Nc6 3. Bb5 a6 4. Ba4 Nf6 5. O-O Be7 6. d3 d6 7. c3 O-O 8.
Re1 b5 9. Bc2 d5 10. Nbd2 d4 11. h3 Nd7 12. a4 Bb7 13. Nb3 Nb6 14. axb5
axb5 15. Rxa8 Bxa8 16. Bd2 Na4 17. Qc1 Bb7 18. cxd4 exd4 19. Na5 Nxa5 20.
Bxa5 Nc5 21. b4 Ne6 22. Bb3 Qd7 23. Bxe6 fxe6 24. Qxc7 Qxc7 25. Bxc7 Bxb4
26. Rb1 Bc3 27. Bb6 b4 28. Bxd4 Ba6 29. Bxc3 bxc3 30. Ne1 Rd8 31. Rd1 Kf7
32. f3 Rb8 33. Ra1 Rb6 34. Rc1 Rb3 35. Kf2 Ke7 36. Ke3 Kd6 37. Nc2 e5 38.
d4 g5 39. g3 exd4+ 40. Kxd4 Bc8 41. h4 gxh4 42. gxh4 Rb5 43. Ne3 Rb4+ 44.
Kxc3 Ra4 45. Kd2 Be6 46. Kd3 Ke5 47. Ng2 Ra3+ 48. Rc3 Rxc3+ 49. Kxc3 Bh3
50. Ne1 Kf4 51. Kd4 Be6 52. Kc5 h5 53. Kd6 Bc4 54. e5 Kg3 55. e6 Kxh4 56.
e7 Bb5 57. f4 Kg4 58. f5 Kxf5 59. Nf3 Kf6 60. Nh4 1/2-1/2

[Event "Grand Chess Tour 2016"]
[Site "Parigi"]
[Date "11.06.2016"]
[Round "3B"]
[White "Kramnik,V"]
[Black "Fressinet,L"]
[Result "1-0"]
[WhiteElo "2812"]
[BlackElo "2687"]
[EventDate "2016.06.08"]

1. e4 c5 2. Nf3 Nc6 3. d4 cxd4 4. Nxd4 Qb6 5. Nb3 Nf6 6. Nc3 e6 7. Qe2 Qc7
8. f4 Bb4 9. Bd2 Bxc3 10. bxc3 d6 11. g4 b6 12. Bg2 Bb7 13. g5 Nd7 14. h4
Na5 15. Nxa5 bxa5 16. Rb1 Nc5 17. h5 O-O 18. g6 h6 19. gxf7+ Qxf7 20. O-O
Rae8 21. c4 Ba6 22. Bxa5 Rc8 23. Bb4 Rfd8 24. Rf2 Nd7 25. Bxd6 Bxc4 26. Qf3
Nf6 27. Be5 Bxa2 28. Ra1 Bc4 29. f5 Qxh5 30. Qxh5 Nxh5 31. Rxa7 Rf8 32. Bh3
Rce8 33. Rc7 Rc8 34. Rxc8 Rxc8 35. fxe6 Re8 36. Bg4 g6 37. Bxh5 gxh5 38.
Rg2+ 1-0

[Event "Grand Chess Tour 2016"]
[Site "Parigi"]
[Date "11.06.2016"]
[Round "3B"]
[White "Giri,A"]
[Black "Topalov,V"]
[Result "1-0"]
[WhiteElo "2782"]
[BlackElo "2761"]
[EventDate "2016.06.08"]

1. Nf3 d5 2. g3 g6 3. Bg2 Bg7 4. d4 Nf6 5. O-O O-O 6. c4 c6 7. b3 Bf5 8.
Bb2 a5 9. Nc3 Ne4 10. e3 Nxc3 11. Bxc3 Be4 12. Qe2 e6 13. Rfc1 Nd7 14. Bf1
Bxf3 15. Qxf3 Nf6 16. Qe2 Ne4 17. Be1 Re8 18. Bg2 Nd6 19. Rab1 h5 20. h4
Qd7 21. a4 Bf8 22. Qd3 Bg7 23. Qc2 Bf6 24. Bh3 Qd8 25. Qd1 Kg7 26. Bg2 Qd7
27. Bf1 Rec8 28. cxd5 exd5 29. b4 axb4 30. Bxb4 Ne4 31. Be1 Bd8 32. Rb2 Ba5
33. Rcb1 Nd6 34. Bb4 Bxb4 35. Rxb4 Ra7 36. Kh2 Qe7 37. Bd3 Rca8 38. Bc2 Qf6
39. Kg2 Qe7 40. Qf3 Qf6 41. Qe2 Ra5 42. Rb6 R5a7 43. R6b4 Ra5 44. Qf3 Qxf3+
45. Kxf3 Kf6 46. Ke2 Ke7 47. f3 R8a7 48. Rb6 Kd8 49. e4 dxe4 50. fxe4 Kc7
51. R6b2 b5 52. axb5 Nxb5 53. Kd3 Ra3+ 54. Rb3 Ra2 55. Rf1 Kd8 56. d5 Rd7
57. Bb1 Ra5 58. Ke3 cxd5 59. exd5 Nc7 60. d6 Re5+ 1-0

[Event "Grand Chess Tour 2016"]
[Site "Parigi"]
[Date "11.06.2016"]
[Round "4B"]
[White "So,W"]
[Black "Topalov,V"]
[Result "1/2-1/2"]
[WhiteElo "2770"]
[BlackElo "2761"]
[EventDate "2016.06.08"]

1. d4 d5 2. c4 c6 3. Nf3 Nf6 4. e3 Bf5 5. Nc3 e6 6. Nh4 Bg6 7. Bd2 Nbd7 8.
Nxg6 hxg6 9. Qc2 a6 10. h3 dxc4 11. Bxc4 c5 12. O-O cxd4 13. exd4 Bd6 14.
d5 e5 15. Rad1 Rc8 16. Be2 Qe7 17. Rfe1 O-O 18. Bg5 Rfe8 19. Bg4 Rc7 20.
Qe2 Qf8 21. Bxd7 Rxd7 22. Qf3 Nh7 23. Bd2 f5 24. Qg3 Qf7 25. h4 Nf6 26. Bg5
Ng4 27. Rd2 Bc5 28. Kh1 Bd4 29. f3 Nf6 30. Bxf6 gxf6 31. Ne2 Rxd5 32. Nxd4
Rxd4 33. Rc2 Qh7 34. Kg1 Rxh4 35. Rc7 Rh1+ 36. Kf2 f4 37. Qg4 Qh4+ 38. Qxh4
Rxh4 39. Rxb7 Rc8 40. Rb6 Rc2+ 41. Re2 Rxe2+ 42. Kxe2 Kg7 43. Rxa6 Rh1 44.
a4 Rg1 45. Kf2 Rb1 46. Rb6 Ra1 47. b3 f5 48. Rb5 Ra2+ 49. Kf1 Kf6 50. Rb6+
Kg5 51. Re6 Rb2 52. Rxe5 Rxb3 53. Re6 Ra3 54. Ra6 Ra2 55. Kg1 Kh5 56. Kh2
g5 57. Ra5 Kh4 58. Rxf5 Rxa4 1/2-1/2

[Event "Grand Chess Tour 2016"]
[Site "Parigi"]
[Date "11.06.2016"]
[Round "4B"]
[White "Fressinet,L"]
[Black "Giri,A"]
[Result "0-1"]
[WhiteElo "2687"]
[BlackElo "2782"]
[EventDate "2016.06.08"]

1. Nf3 d5 2. d4 Nf6 3. c4 e6 4. Nc3 Bb4 5. Bg5 h6 6. Bxf6 Qxf6 7. Qa4+ Nc6
8. e3 O-O 9. Be2 dxc4 10. Bxc4 Bxc3+ 11. bxc3 Bd7 12. O-O Qe7 13. Be2 b6
14. Qb3 Rac8 15. Rfd1 Na5 16. Qb2 c5 17. a4 Rfd8 18. Ne5 Be8 19. Bb5 Rc7
20. Bxe8 Qxe8 21. Qb5 f6 22. Qxe8+ Rxe8 23. Nd3 cxd4 24. cxd4 Rec8 25. h4
Kf7 26. h5 Rc3 27. Nf4 Nb3 28. Ra2 Rc1 29. Rxc1 Rxc1+ 30. Kh2 Rc4 31. Kg3
e5 32. dxe5 fxe5 33. Nd3 Ke6 34. Rb2 Rc3 35. Ne1 Nc5 36. a5 bxa5 37. Rb5 a4
38. Nf3 Ne4+ 39. Kh2 Rc5 40. Rb7 Ra5 41. Rxg7 a3 42. Rg6+ Nf6 43. Ne1 a2
44. Nc2 Rc5 45. Na1 Rc1 46. Nb3 Rb1 47. Nc5+ 0-1

[Event "Grand Chess Tour 2016"]
[Site "Parigi"]
[Date "11.06.2016"]
[Round "5B"]
[White "Aronian,L"]
[Black "Caruana,F"]
[Result "1-0"]
[WhiteElo "2792"]
[BlackElo "2804"]
[EventDate "2016.06.08"]

1. Nf3 d6 2. d4 Nf6 3. Nc3 g6 4. e4 Bg7 5. h3 O-O 6. Be3 a6 7. a4 b6 8. Qd2
Bb7 9. Bd3 Nbd7 10. O-O c5 11. d5 Qc7 12. Rad1 c4 13. Be2 Nc5 14. Bxc5 Qxc5
15. Nd4 b5 16. axb5 axb5 17. Ndxb5 Nxe4 18. Nxe4 Qxb5 19. b3 Qb6 20. Bxc4
e5 21. Qe3 Qc7 22. Ra1 h6 23. Nc3 Qe7 24. Nb5 Ba6 25. Ra4 Bxb5 26. Bxb5 f5
27. Bc6 Rxa4 28. bxa4 e4 29. f4 g5 30. Kh1 gxf4 31. Qxf4 Qe5 32. a5 Qxf4
33. Rxf4 Be5 34. Rf1 Bd4 35. g3 Kg7 36. Bd7 Kg6 37. a6 Kg5 38. Kg2 h5 39.
h4+ Kg6 40. Rd1 Bc5 41. Rf1 Bd4 42. c4 Bc5 43. Ra1 Bd4 44. Ra2 Ra8 45. Bc6
Ra7 46. Bb7 Kf6 47. Kf1 Ke5 48. Ke2 Bc5 49. Ra1 Kd4 50. Rf1 Ke5 51. Rb1 Kd4
52. Rf1 Ke5 53. Rd1 Bd4 54. Rb1 Bc5 55. Rb5 Kd4 56. Rb1 Ke5 57. Rf1 Bd4 58.
Kd2 Bc5 59. Kc3 Bd4+ 60. Kd2 Bc5 61. Ke2 Bd4 62. Bc8 Rf7 63. Be6 Rf8 64.
Rb1 Ra8 65. Rf1 Rf8 66. Bd7 Rf7 67. Be8 Ra7 68. Bg6 Bc5 69. Rxf5+ Kd4 70.
Rf4 Rxa6 71. Rxe4+ Kc3 72. Bxh5 Bd4 73. Kf3 Be5 74. Kg4 Ra1 75. Bg6 Rg1 76.
h5 Rxg3+ 77. Kf5 Bd4 78. Ke6 Bc5 79. Kf7 Bd4 80. Ke6 Bc5 81. Rh4 Re3+ 82.
Kf7 Bd4 83. h6 Rf3+ 84. Ke8 Rg3 85. Bf7 Bf6 86. Rh5 Re3+ 87. Kf8 Kxc4 88.
h7 Bh8 89. Kg8 Be5 90. Rxe5 1-0

[Event "Grand Chess Tour 2016"]
[Site "Parigi"]
[Date "11.06.2016"]
[Round "5B"]
[White "Topalov,V"]
[Black "Fressinet,L"]
[Result "0-1"]
[WhiteElo "2761"]
[BlackElo "2687"]
[EventDate "2016.06.08"]

1. e4 e5 2. Bc4 Nf6 3. d3 Bc5 4. Nf3 d6 5. O-O Nc6 6. c3 a6 7. a4 h6 8.
Nbd2 O-O 9. Re1 Ne7 10. Nf1 Ng6 11. Ng3 c6 12. Bb3 Ba7 13. d4 Re8 14. h3 d5
15. Nxe5 Nxe5 16. dxe5 Nxe4 17. Nxe4 dxe4 18. Qxd8 Rxd8 19. g4 h5 20. Rxe4
Be6 21. Bc2 Bd5 22. Rb4 hxg4 23. Rxg4 Be6 24. Rg3 Rd5 25. Bg5 Kf8 26. Re1
Bb8 27. Bf4 Bc7 28. h4 Rad8 29. h5 Bb6 30. h6 gxh6 31. Bxh6+ Ke8 32. Kg2
Kd7 33. Bb3 Ra5 34. Bc2 Rd5 35. Be4 Ra5 36. Bg5 Re8 37. Bc2 Kc8 38. b4 Rd5
39. Bf6 Rd2 40. Be4 Bxf2 41. Rf1 Be1+ 42. Kf3 Bxg3 43. Kxg3 Rg8+ 44. Kf4
Bd5 45. Bf5+ Kc7 46. a5 Rgg2 47. Re1 Rdf2+ 48. Ke3 Rxf5 0-1

[Event "Grand Chess Tour 2016"]
[Site "Parigi"]
[Date "11.06.2016"]
[Round "6B"]
[White "So,W"]
[Black "Fressinet,L"]
[Result "1/2-1/2"]
[WhiteElo "2770"]
[BlackElo "2687"]
[EventDate "2016.06.08"]

1. d4 Nf6 2. Bg5 d5 3. Nd2 c5 4. e3 Nc6 5. c3 Qb6 6. Qc2 Bg4 7. dxc5 Qxc5
8. Ngf3 e6 9. Qa4 Bxf3 10. Nxf3 Ne4 11. Bd3 Nxg5 12. Nxg5 Be7 13. Qf4 Bxg5
14. Qxg5 O-O 15. O-O Rac8 16. e4 h6 17. Qh5 Rfd8 18. Rad1 Qb6 19. exd5 Rxd5
20. Bh7+ Kf8 21. Rxd5 exd5 22. Re1 Re8 23. Rxe8+ Kxe8 24. Qe2+ Kf8 25. Bf5
d4 26. Bd7 Ne7 27. cxd4 Qxd4 28. Bb5 g6 29. g3 h5 30. Bc4 Nf5 31. Bd3 Nd6
32. h4 b6 33. b3 a5 34. a4 Qc3 35. Qd1 Ke7 36. Qe2+ Kf8 37. Qd1 Ke7 38.
Qe2+ Kf8 39. Qd1 1/2-1/2

[Event "Grand Chess Tour 2016"]
[Site "Parigi"]
[Date "11.06.2016"]
[Round "6B"]
[White "Nakamura,Hi"]
[Black "Topalov,V"]
[Result "1-0"]
[WhiteElo "2787"]
[BlackElo "2761"]
[EventDate "2016.06.08"]

1. d4 Nf6 2. c4 e6 3. Nc3 Bb4 4. e3 O-O 5. Nge2 d5 6. a3 Bd6 7. cxd5 exd5
8. Ng3 Re8 9. Bd3 c5 10. dxc5 Bxc5 11. O-O Nc6 12. b4 Bb6 13. Nce2 d4 14.
e4 Ne5 15. Bf4 Nfg4 16. h3 Nxd3 17. Qxd3 Ne5 18. Bxe5 Rxe5 19. f4 Re8 20.
f5 Bd7 21. Kh1 Rc8 22. Rf4 Qg5 23. Rg4 Qe3 24. Qxe3 dxe3 25. Nh5 Bb5 26.
Rxg7+ Kh8 27. Rxf7 Bxe2 28. Nf6 Rc7 29. Rxc7 Bxc7 30. Nxe8 Bg3 31. e5 Bb5
32. Nd6 Bd3 33. Nxb7 e2 34. e6 Bxf5 35. e7 Bg6 36. b5 Kg8 37. a4 Kf7 38. a5
Bc2 39. Nc5 Kxe7 40. b6 axb6 41. axb6 Kd6 42. Rc1 1-0

[Event "Grand Chess Tour 2016"]
[Site "Parigi"]
[Date "11.06.2016"]
[Round "6B"]
[White "Caruana,F"]
[Black "Kramnik,V"]
[Result "1-0"]
[WhiteElo "2804"]
[BlackElo "2812"]
[EventDate "2016.06.08"]

1. e4 e5 2. Nf3 Nc6 3. Bb5 Nf6 4. d3 d6 5. O-O Bd7 6. Re1 g6 7. c3 Bg7 8.
Nbd2 O-O 9. Ba4 Nh5 10. Nf1 Kh8 11. h3 f5 12. exf5 gxf5 13. d4 e4 14. Ng5
Nf6 15. d5 Ne5 16. Bxd7 Qxd7 17. Ne6 Nd3 18. Re3 Nxd5 19. Rxd3 exd3 20.
Nxf8 Rxf8 21. Qxd3 c6 22. Bd2 Re8 23. Ng3 Rf8 24. Nh5 Be5 25. f4 Bg7 26.
Re1 Nf6 27. Ng3 Ng8 28. Be3 Qe6 29. Bf2 Qg6 30. Bxa7 c5 31. Bb6 Bh6 32. Qf3
Nf6 33. Re6 Qf7 34. Rxd6 Qxa2 35. Bxc5 Qxb2 36. Bd4 Bg7 37. Kh2 Qb1 38. Rb6
Qc2 39. Rxb7 Ne8 40. Rxg7 Nxg7 41. Nh5 Rg8 42. Nxg7 1-0

[Event "Grand Chess Tour 2016"]
[Site "Parigi"]
[Date "11.06.2016"]
[Round "7B"]
[White "Aronian,L"]
[Black "So,W"]
[Result "1/2-1/2"]
[WhiteElo "2792"]
[BlackElo "2770"]
[EventDate "2016.06.08"]

1. c4 c5 2. Nf3 Nc6 3. Nc3 g6 4. e3 Nf6 5. d4 cxd4 6. exd4 d5 7. cxd5 Nxd5
8. Qb3 e6 9. Bb5 Bg7 10. O-O O-O 11. Bxc6 bxc6 12. Na4 Qd6 13. Re1 Rb8 14.
Qd1 Ne7 15. Bd2 Nf5 16. Bc3 Rd8 17. Re4 Rb5 18. Qe1 Rd5 19. Ba5 Rd7 20. Bb4
Qb8 21. Nc5 Rd8 22. Nb3 Ba6 23. Ne5 Nxd4 24. Nxd4 Bxe5 25. Nxc6 Bxh2+ 26.
Kh1 Bd6 27. Nxb8 Rh5+ 28. Kg1 Bh2+ 29. Kh1 Bxb8+ 30. Kg1 Bh2+ 31. Kh1
1/2-1/2

[Event "Grand Chess Tour 2016"]
[Site "Parigi"]
[Date "11.06.2016"]
[Round "7B"]
[White "Giri,A"]
[Black "Caruana,F"]
[Result "0-1"]
[WhiteElo "2782"]
[BlackElo "2804"]
[EventDate "2016.06.08"]

1. e4 c5 2. Nf3 e6 3. d4 cxd4 4. Nxd4 a6 5. g3 b5 6. Bg2 Bb7 7. O-O Nf6 8.
Re1 Bc5 9. a4 b4 10. c3 Qc7 11. Nd2 d6 12. N2b3 bxc3 13. bxc3 Nbd7 14. Bg5
Ba7 15. Bd2 Ne5 16. Qe2 O-O 17. Rab1 Rab8 18. h3 Nfd7 19. Kh2 Nc4 20. Bc1
Ba8 21. Qc2 Rfc8 22. Nd2 Nce5 23. Rxb8 Nxb8 24. N2b3 Qxc3 25. Qd1 Qc4 26.
Be3 Qxa4 27. Qe2 Qd7 28. Rd1 Qe7 29. Na5 Qc7 30. Rc1 Qd7 31. Rb1 Bc5 32. f4
Nec6 33. Nab3 Nxd4 34. Nxd4 Qa7 35. Qd3 Nd7 36. Ra1 Bb7 37. Bg1 Nf6 38. e5
dxe5 39. fxe5 Nd5 40. h4 Qb6 41. Rb1 Qc7 42. Qb3 Ba8 43. Re1 h6 44. Qb2 Rb8
45. Qa1 a5 46. Rc1 Qb6 47. Be4 Qb2+ 48. Qxb2 Rxb2+ 49. Kh3 Bf8 50. Rc8 Nf4+
51. gxf4 Bxe4 52. Nxe6 Bf5+ 0-1

[Event "Grand Chess Tour 2016"]
[Site "Parigi"]
[Date "11.06.2016"]
[Round "8B"]
[White "Caruana,F"]
[Black "Topalov,V"]
[Result "1-0"]
[WhiteElo "2804"]
[BlackElo "2761"]
[EventDate "2016.06.08"]

1. Nf3 d5 2. g3 g6 3. Bg2 Bg7 4. d4 Nf6 5. c4 c6 6. cxd5 cxd5 7. Nc3 Ne4 8.
Qb3 Nxc3 9. bxc3 Nc6 10. Nd2 e6 11. Ba3 Na5 12. Qb2 Bd7 13. O-O Rc8 14. e4
Bc6 15. Bb4 b6 16. Rfe1 dxe4 17. Nxe4 Nc4 18. Qb3 Qd7 19. d5 Bxd5 20. Rad1
Kd8 21. Ng5 Bf6 22. Bxd5 exd5 23. Ne4 Bg7 24. Rxd5 Qxd5 25. Rd1 Qxd1+ 26.
Qxd1+ Kc7 27. Qd5 1-0

[Event "Grand Chess Tour 2016"]
[Site "Parigi"]
[Date "11.06.2016"]
[Round "8B"]
[White "Aronian,L"]
[Black "Kramnik,V"]
[Result "1/2-1/2"]
[WhiteElo "2792"]
[BlackElo "2812"]
[EventDate "2016.06.08"]

1. c4 e6 2. g3 d5 3. Bg2 Nf6 4. Nf3 Be7 5. O-O O-O 6. d4 dxc4 7. Qc2 a6 8.
a4 Bd7 9. Qxc4 Bc6 10. Bg5 Nbd7 11. Nc3 h6 12. Bd2 a5 13. Rfd1 Bb4 14. Qd3
Qe7 15. Be1 Rfd8 16. Qc2 Nb6 17. b3 Rac8 18. Rac1 Ba3 19. Ra1 Bb4 20. Rac1
Be8 21. Qb1 c5 22. dxc5 Rxc5 23. Rxd8 Qxd8 24. Na2 Rxc1 25. Qxc1 Bxe1 26.
Nxe1 Nbd5 27. Nd3 b5 28. axb5 Bxb5 29. Qc2 Qb6 30. Nac1 Qd4 31. Bf3 g5 32.
h3 Kg7 33. Qc5 Qxc5 34. Nxc5 Nc3 35. Kf1 a4 1/2-1/2

[Event "Grand Chess Tour 2016"]
[Site "Parigi"]
[Date "11.06.2016"]
[Round "9B"]
[White "Giri,A"]
[Black "Aronian,L"]
[Result "1/2-1/2"]
[WhiteElo "2782"]
[BlackElo "2792"]
[EventDate "2016.06.08"]

1. e4 e5 2. Nf3 Nc6 3. Bb5 Nf6 4. d3 Bc5 5. c3 d5 6. Nbd2 O-O 7. O-O dxe4
8. dxe4 Qe7 9. b4 Bd6 10. a3 Nd8 11. Re1 c6 12. Bf1 Bc7 13. g3 a5 14. Rb1
axb4 15. cxb4 Ne6 16. Bb2 Rd8 17. Qc2 h6 18. Rbd1 Ng5 19. Nxg5 hxg5 20. Nc4
Bg4 21. Be2 Bh3 22. Bf1 Bg4 23. Be2 Bh3 24. Bf1 Bg4 25. Be2 1/2-1/2

[Event "Grand Chess Tour 2016"]
[Site "Parigi"]
[Date "11.06.2016"]
[Round "9B"]
[White "Fressinet,L"]
[Black "Caruana,F"]
[Result "0-1"]
[WhiteElo "2687"]
[BlackElo "2804"]
[EventDate "2016.06.08"]

1. e4 c5 2. Nf3 e6 3. d4 cxd4 4. Nxd4 a6 5. Nc3 Qc7 6. Bd3 Bc5 7. Nb3 Be7
8. Qg4 g6 9. Qe2 d6 10. O-O Nd7 11. Bd2 Ngf6 12. Bh6 b5 13. f4 Bb7 14. Rae1
b4 15. Nd1 d5 16. e5 Ne4 17. Nf2 Ndc5 18. Kh1 O-O-O 19. Nd4 Bh4 20. Bg5
Bxg5 21. fxg5 Qxe5 22. Nf3 Qxb2 23. Ng4 Rhf8 24. Nfe5 f5 25. gxf6 h5 26.
Bxe4 Nxe4 27. Nd3 Qc3 28. Nge5 Nxf6 29. Nxg6 Rfe8 30. Nge5 Ne4 31. Rf7 h4
32. Ref1 h3 33. Rxb7 Kxb7 34. Rf7+ Ka8 35. Nxb4 hxg2+ 36. Kxg2 Rg8+ 37. Kh1
Rd6 38. Nbd3 Rb6 39. Rf1 Rb7 40. Nf4 Qxe5 41. Qxa6+ Kb8 42. Nd3 Ng3+ 43.
hxg3 Rh7+ 0-1

[Event "Grand Chess Tour 2016"]
[Site "Parigi"]
[Date "12.06.2016"]
[Round "10B"]
[White "Topalov,V"]
[Black "Aronian,L"]
[Result "1/2-1/2"]
[WhiteElo "2761"]
[BlackElo "2792"]
[EventDate "2016.06.08"]

1. c4 e5 2. b3 Nf6 3. Bb2 Nc6 4. e3 g6 5. d3 Bg7 6. Nf3 d6 7. Be2 O-O 8. a3
Nd7 9. Nc3 a5 10. O-O Re8 11. Nd2 Nc5 12. Nd5 Be6 13. Qc2 h6 14. Rfd1 Qc8
15. b4 Nd7 16. Bc3 Nf6 17. Bf3 Bxd5 18. cxd5 Ne7 19. e4 axb4 20. axb4 c6
21. Nc4 Rxa1 22. Rxa1 Qc7 23. dxc6 Nxc6 24. b5 Nd4 25. Bxd4 exd4 26. Qb3 b6
27. g3 Nd7 28. Kg2 Nc5 29. Qb1 h5 30. h4 Be5 31. Bd1 Rb8 32. Bf3 Kg7 33.
Ra3 Qd7 34. Bd1 Bf6 35. Nd2 d5 36. Bf3 dxe4 37. Nxe4 Be7 38. Nxc5 Bxc5 39.
Ra8 1/2-1/2

[Event "Grand Chess Tour 2016"]
[Site "Parigi"]
[Date "12.06.2016"]
[Round "10B"]
[White "Giri,A"]
[Black "Kramnik,V"]
[Result "1/2-1/2"]
[WhiteElo "2782"]
[BlackElo "2812"]
[EventDate "2016.06.08"]

1. Nf3 d5 2. g3 Nf6 3. Bg2 c6 4. O-O Bg4 5. h3 Bxf3 6. Bxf3 Nbd7 7. d3 e5
8. e4 dxe4 9. dxe4 Bc5 10. Bg2 Qe7 11. a4 O-O 12. Qe2 a5 13. Nd2 Rfd8 14.
Nb3 Bb6 15. Bd2 Nc5 16. Nxc5 Bxc5 17. Rfd1 h6 18. Be1 Nd7 19. h4 Bb6 20.
Qc4 Nc5 21. b3 Ne6 22. c3 Rxd1 23. Rxd1 Rd8 24. Qe2 Qa3 25. Rxd8+ Bxd8 26.
Qd1 Bb6 27. Bh3 Nc5 28. Bc8 Qb2 29. Kf1 Nxe4 30. Bf5 Nxf2 31. Qd7 g6 32.
Be6 fxe6 33. Qe8+ Kg7 34. Qe7+ Kg8 35. Qe8+ Kg7 36. Qe7+ Kg8 1/2-1/2

[Event "Grand Chess Tour 2016"]
[Site "Parigi"]
[Date "12.06.2016"]
[Round "11B"]
[White "Kramnik,V"]
[Black "Topalov,V"]
[Result "0-1"]
[WhiteElo "2812"]
[BlackElo "2761"]
[EventDate "2016.06.08"]

1. d4 Nf6 2. Nf3 d5 3. Bf4 c5 4. e3 cxd4 5. exd4 Nc6 6. c3 Bf5 7. Nbd2 e6
8. Nh4 Be4 9. Nxe4 Nxe4 10. Nf3 Bd6 11. Bxd6 Qxd6 12. Bd3 O-O 13. O-O a6
14. Qe2 f5 15. Rfe1 Rae8 16. a4 Re7 17. Rac1 Rd8 18. b4 Rc7 19. b5 axb5 20.
Bxb5 Ne7 21. c4 dxc4 22. Rxc4 Nd5 23. Qb2 h6 24. g3 Rdc8 25. Ne5 Ndc3 26.
Rxc7 Rxc7 27. Bc4 Kh7 28. Bf1 Qxd4 29. Nd3 Qxa4 30. Qb6 Qc6 31. Qd4 Qd5 32.
Qe3 Qd6 33. Bg2 Rd7 34. Bf1 b5 35. Nf4 Nd1 36. Qb3 Qb6 37. Re2 Ndxf2 38.
Kg2 Rd6 39. h3 b4 40. Qf3 b3 41. Qh5 Qc6 42. Kg1 Nd3 43. Qg6+ Kh8 44. Nh5
Qd7 45. Re3 Ne5 46. Qxg7+ Qxg7 47. Nxg7 Kxg7 48. Rxb3 Rd1 49. Kg2 Rd2+ 50.
Kg1 Kf6 51. Bg2 Rd1+ 52. Kh2 Rd3 53. Rb8 Nxg3 54. Rh8 Kg7 55. Re8 Kf6 56.
Rh8 Nf7 57. Rg8 Ne4 58. h4 Nf2 59. Bf1 Rd2 60. Kg1 Ng4 61. h5 Nge5 62. Bg2
Ng5 63. Rh8 Ng4 0-1

[Event "Grand Chess Tour 2016"]
[Site "Parigi"]
[Date "12.06.2016"]
[Round "11B"]
[White "Aronian,L"]
[Black "Fressinet,L"]
[Result "1/2-1/2"]
[WhiteElo "2792"]
[BlackElo "2687"]
[EventDate "2016.06.08"]

1. Nf3 d5 2. g3 Nf6 3. Bg2 e6 4. O-O Be7 5. c4 O-O 6. d4 dxc4 7. Qc2 b6 8.
Bg5 Ba6 9. Nbd2 Nd5 10. Bxe7 Qxe7 11. Nxc4 Nd7 12. Rac1 c5 13. Qa4 Bb7 14.
Qa3 N5f6 15. Rfd1 Rfd8 16. Nfe5 Bxg2 17. Kxg2 Nxe5 18. dxe5 Qb7+ 19. f3 Ne8
20. e4 Qc7 21. Qa4 h6 22. Rxd8 Rxd8 23. Rc2 Kf8 24. b4 Rd4 25. Qb5 cxb4 26.
Qxb4+ Qe7 27. Qb2 Rd1 28. Ne3 Rd7 29. h4 Rc7 30. f4 Rc5 31. Kf3 Nc7 32. Rd2
Ne8 33. Qb3 Rc7 34. Qd1 Rc3 35. Rd3 Rxd3 36. Qxd3 Qc5 37. Nc4 Ke7 38. Kg2
a5 39. Qb3 Qd4 40. Kf3 f6 41. Nxb6 fxe5 42. f5 exf5 43. exf5 e4+ 44. Kg2
Nf6 45. Qe6+ Kf8 46. Nc8 Qd3 47. Ne7 Qf3+ 48. Kg1 Qxg3+ 49. Kf1 Qf3+ 50.
Ke1 Qe3+ 51. Kf1 Qd3+ 52. Ke1 Qc3+ 53. Kf1 Qd3+ 54. Ke1 Qb1+ 55. Ke2 Qb5+
56. Kd1 Qf1+ 57. Kd2 Qf2+ 58. Kd1 Qd4+ 59. Ke2 Qd3+ 60. Ke1 Qc3+ 61. Kd1
Qd4+ 62. Ke2 Qb2+ 63. Kf1 Qb5+ 64. Kg2 Qe2+ 65. Kg1 Qg4+ 66. Kf1 Qh3+ 67.
Ke2 Qf3+ 68. Ke1 Qc3+ 69. Ke2 Qb2+ 70. Kf1 Qb5+ 71. Kg2 Qe2+ 72. Kg1
1/2-1/2

[Event "Grand Chess Tour 2016"]
[Site "Parigi"]
[Date "12.06.2016"]
[Round "12B"]
[White "So,W"]
[Black "Caruana,F"]
[Result "1-0"]
[WhiteElo "2770"]
[BlackElo "2804"]
[EventDate "2016.06.08"]

1. c4 e6 2. Nc3 d5 3. d4 Be7 4. cxd5 exd5 5. Bf4 c6 6. Qc2 Nf6 7. h3 g6 8.
e3 Bf5 9. Qd2 Qb6 10. Nge2 Nbd7 11. Ng3 Be6 12. Bh6 Bf8 13. Bxf8 Kxf8 14.
Bd3 Kg7 15. f4 Qc7 16. Qf2 h5 17. f5 h4 18. Nge2 gxf5 19. Bxf5 Bxf5 20.
Qxf5 Rh5 21. Qf2 Rah8 22. O-O Rg5 23. e4 dxe4 24. Nxe4 Rg6 25. Nxf6 Rxf6
26. Nf4 Qd6 27. Rae1 Rf5 28. Qe3 Nf6 29. Nd3 Re8 30. Ne5 Rh5 31. Qf2 Re6
32. Nc4 Qd5 33. Rxe6 Qxe6 34. Ne3 Ne4 35. Qf3 Ng3 36. Rd1 Rg5 37. d5 cxd5
38. Nxd5 Qe5 39. Ne3 Rg6 40. Nf1 Ne2+ 41. Kh1 Nf4 42. Rd2 Nh5 43. Rf2 Rf6
44. Qg4+ Rg6 45. Qxh4 Nf6 46. Qf4 Qc5 47. Ne3 Kh7 48. Qh4+ Qh5 49. Qxh5+
Nxh5 50. Rxf7+ Kg8 51. Rxb7 Ra6 52. a3 Re6 53. Ng4 Ng3+ 54. Kh2 Nf1+ 55.
Kg1 Re1 56. Kf2 Rb1 57. Rd7 Kf8 58. b4 Ke8 59. Nf6+ Kf8 60. Ne4 Ke8 61.
Rxa7 Nh2 62. Nd2 1-0